Industrialización, inversión extranjera y absorción de mano de obra: el caso de Panamá
Guardat en:
| Autor principal: | |
|---|---|
| Format: | Text |
| Publicat: |
Panamá :
|
| Etiquetes: |
Afegir etiqueta
Sense etiquetes, Sigues el primer a etiquetar aquest registre!
|
MARC
| LEADER | 00000 a a2200000 04500 | ||
|---|---|---|---|
| 001 | 16833 | ||
| 003 | |||
| 040 | |||
| 090 | |a 010400 | ||
| 100 | |a González Henriquez, Simeón Emilio | ||
| 245 | |a Industrialización, inversión extranjera y absorción de mano de obra: el caso de Panamá | ||
| 260 | |a Panamá : | ||
| 300 | |a 25 p. | ||
| 999 | |c 10309 |d 10309 | ||
